{"text_format":"2","workbook":"xlsx","n_sheets":3,"sheets":["SERVIÇOS","MATERIAL","Plan3"],"not_rendered":{"charts":0,"images":2,"macros":0,"external_links":1,"defined_names":0,"comments":0,"pivot_tables":0},"unopened":[],"bounds":{"document_bytes":16777216,"sheet_cells":100000,"run_cost":"one","rows_first":2000,"rows_last":500,"rows_between":2000,"halvings":0,"cell_chars":16384,"cell_head_chars":4096},"cells_cut":0,"cells_raw":0,"read":"whole","date_system":"1900"}

{"sheet":"SERVIÇOS","index":0,"n_rows":171,"n_cols":17,"rows_kept":171,"cut":false,"hidden":false,"merged":[[11,2,12,2],[11,3,12,3],[11,4,12,4],[11,5,11,6],[1,8,2,10],[6,0,6,11],[7,0,7,11],[9,0,9,6],[9,9,11,9],[10,5,10,6],[10,7,10,8],[10,10,10,11],[11,0,12,0],[11,1,12,1]]}
[]
[{"$nulls":8},"ANEXO I"]
[]
[]
[]
[]
["SERVIÇO: EXECUÇÃO DAS OBRAS E SERVIÇOS RELATIVOS AO SISTEMA DE ESGOTAMENTO SANITÁRIO DE IPUBÍ, NO ESTADO DE PERNAMBUCO"]
["ANÁLISE FINANCEIRA DA PROPOSTA DA EMPRESA CONSTRUTORA LUCAIA LTDA. DO LOTE 2, EDITAL 98/2008"]
["LOCAL: MUNICÍPIO DE IPUBÍ, NO ESTADO DE PERNAMBUCO",{"$nulls":12},"VALOR: R$",11198139.17,"VALOR: R$",{"$f":"I14+I23+I63+I85+I124","v":7929433.8599999994}]
["PLANILHA  ORÇAMENTÁRIA",{"$nulls":8},"VARIAÇAO % DOS PREÇOS UNITÁRIOS"]
[{"$nulls":5},"CODEVASF",null,"PROPOSTA ORIGINAL",null,null,"APÓS READEQUAÇAO"]
["ITEM","COD","DISCRIMINAÇÃO DOS SERVIÇOS","UNID.","QUANT.","PREÇO (R$)",null,"UNITÁRIO","TOTAL",null,"UNITÁRIO","TOTAL"]
[{"$nulls":5},"UNITÁRIO","TOTAL"]
["1.1",null,"INSTALAÇÕES PRELIMINARES E CANTEIRO DE OBRAS","",null,null,661794.84,null,{"$f":"SUM(I16:I21)","v":1775609.5099999998},null,null,{"$f":"SUM(L16:L21)","v":649057.32999999996}]
[]
["1.1.1","01.02-A","Mobilização de equipamento e pessoas","vb",1,25736,25736,25734.67,{"$f":"ROUND(E16*H16,2)","v":25734.67},{"$f":"(H16/F16)-1","v":-5.1678582530412243E-5},{"$f":"IF(J16>0,F16,H16)","v":25734.67},{"$f":"ROUND(E16*K16,2)","v":25734.67}]
["1.1.2","01.03-A","Desmobilização de equipamentos e pessoas","vb",1,25736,25736,13000,13000,-0.49487099782405963,13000,13000]
["1.1.3","01.05-A","Instalação de canteiro de obras","m²",250,207.71,51927.5,343.23,85807.5,0.65244812478936987,207.71,51927.5]
["1.1.4","01.01-A","Administração local e Manutenção de canteiro de obras","mês",18,26338.79,474098.22,87042.8,1566770.4,2.304737992899446,26338.79,474098.22]
["1.1.5","07.08","Placa de identificação de obra- Forneciemento e instalação ","m²",24,229.93,5518.32,229.93,5518.32,0,229.93,5518.32]
["1.1.6","01.04-A","Fornecimento de veículo 4x4, com ar condicionado para apoio à fiscalização, incluindo despesas com combustível, óleos, manutenção, licenciamento, seguros, impostos, etc.","mês",18,4376.6000000000004,78778.8,4376.59,78778.62,-2.2848786730422788E-6,4376.59,78778.62]
[]
["1.2",null,"REDE COLETORA / LINHA DE RECALQUE / EMISSÁRIO FINAL",null,null,null,4172162.34,null,{"$f":"SUM(I25:I62)","v":2779918.8800000004},null,null,{"$f":"SUM(L25:L62)","v":2430690.66}]
["1.2.1",null,"LOCAÇÃO",null,null,null,37317.49]
["1.2.1.1","07.01","Locação de rede e elaboração de nota serviço, inclusive levantamento de normais - para obras","m",17197,2.17,37317.49,0.43,7394.71,{"$f":"(H25/F25)-1","v":-0.8018433179723502},{"$f":"IF(J25>0,F25,H25)","v":0.43},{"$f":"ROUND(E25*K25,2)","v":7394.71}]
["1.2.2",null,"CADASTRO",null,null,null,3438.8]
["1.2.2.1","07.04","Cadastro de rede de distribuíção","m",17.2,199.93,3438.8,199.88,3437.94,-2.5008753063582301E-4,{"$f":"IF(J27>0,F27,H27)","v":199.88},3437.94]
["1.3.1",null,"ESCAVAÇÃO EM VALAS",null,null,null,1548085.63]
["1.3.1.1","02.02.06","Escavação mecânica de valas (solo seco) primeira e segunda , profundidade até 1,50 m","m³",4470.2,5.44,24317.89,12.77,57084.45,1.3474264705882351,{"$f":"IF(J29>0,F29,H29)","v":5.44},24317.89]
["1.3.1.2","02.02.07","Escavação mecânica de valas (solo seco) primeira e segunda, profundidade maior que  1,50 até 4,0m","m³",12978.79,7.38,95783.47,13.04,169243.42,0.76693766937669361,7.38,95783.47]
["1.3.1.4","02.02.08","Escavação mecânica de valas (solo seco), profundidade maior que  4,0 até 6,0m","m³",25.96,9.33,242.21,13.23,343.45,0.41800643086816724,9.33,242.21]
["1.3.1.5","02.02.02","Escavação e carga mecânica de valas, rocha branda, à frio","m³",5898.44,104.85,618451.43000000005,64.39,379800.55,-0.38588459704339528,64.39,379800.55]
[null,"02.02.03","Escavação e carga mecânica de valas, em rocha branda, à fogo inclusive abafamento","m³",1888.83,159.28,300852.84000000003,159.28,300852.84000000003,0,159.28,300852.84000000003]
["1.3.1.6","09.01.01","Lastro de areia","m³",7468.18,66.63,497604.83,17.170000000000002,128228.65,-0.74230826954825146,17.170000000000002,128228.65]
["1.3.1.7","05.09","Acerto e verificação do nivelamento de fundo de valas","m³",3461.01,3.13,10832.96,3.13,10832.96,0,3.13,10832.96]
["1.3.2",null,"ATERRO/REATERRO",null,0,null,330742.11,{"$nulls":4},0]
["1.3.2.1","05.01","Aterro de valas e cavas de fundação, c/ avaliação visual da compactação","m³",10702.13,8.57,91717.25,14.05,150364.93,0.6394399066511085,{"$f":"IF(J37>0,F37,H37)","v":8.57},91717.25]
["1.3.2.2","05.12","Aterro de valas e cavas de fundação, c/ avaliação visual da compactação com material importado","m³",6489.95,36.83,239024.86,17.170000000000002,111432.44,-0.53380396415965237,17.170000000000002,111432.44]
["1.3.3",null,"POÇOS E CAIXAS (INCLUSIVE ASSENTAMENTO DE TAMPÃO)",null,null,null,203692.16]
["1.3.3.1","16.04.01.08","Poço de visita altura igual 1,50 m (balão diâmetro igual 1,0 m), em anéis pré-moldado de concreto","und",292,670.98,195926.16,670.98,195926.16,0,670.98,195926.16]
["1.3.3.2","16.04.01.12","Adicional de preço para acréscimo na altura de poço de visita em anéis pré-moldado de concreto (balão diâmetro igual 0,6 m)","m",50,155.32,7766,155.12,7756,-1.2876641771825126E-3,155.12,7756]
["1.4.1",null,"ASSENTAMENTO DE TUBOS E CONEXÕES EM PVC, JUNTA ELÁSTICA",null,null,null,45613.39]
[null,"16.06.03.01.03","Assentamento de tubos e conexões de PVC JE DN 100","m",144,1.65,237.6,1.31,188.64,-0.20606060606060594,1.31,188.64]
["1.4.1.1","16.06.03.01.04","Assentamento de tubos e conexões de PVC JE DN 150","m",15549,2.63,40893.870000000003,3,46647,0.14068441064638781,2.63,40893.870000000003]
["1.4.1.2","16.06.03.01.05","Assentamento de tubos e conexões de PVC JE DN 200","m",1504,2.98,4481.92,3.07,4617.28,3.0201342281879207E-2,2.98,4481.92]
["1.5.1",null,"RETIRADA DE PAVIMENTAÇÃO",null,null,null,126227.98]
["1.5.1.1","01.03.11","Remoção de pavimento em paralelepípedo, poliédrico e pré-moldado","m²",17305.05,5.74,99330.99,5.73,99157.94,-1.7421602787456303E-3,5.73,99157.94]
["1.5.1.2","01.01.11","Demolição de pavimento asfáltico, faixas menores ou iguais a 2,0 m","m²",4944.3,5.44,26896.99,5.42,26798.11,-3.6764705882353921E-3,5.42,26798.11]
["1.5.2",null,"RECOMPOSIÇÃO DE PAVIMENTAÇÃO",null,null,null,1145643.76,{"$nulls":4},0]
["1.5.2.1","14.02.28","Recomposição de pavimento em paralelepípedo, com reaproveitamento do material demolido, exclusive base com pequena perda inclusa","m²",4944.3,11.35,56117.81,7.15,35351.75,-0.37004405286343611,7.15,35351.75]
["1.5.2.2","14.02.03","Pavimentação asfáltica em C.B.U.Q, inclusive base de minério espessura 20 cm e capa de 5 cm, para faixa de largura até 3,50 m","m²",17305.05,62.96,1089525.95,7.79,134806.34,-0.87627064803049559,7.79,134806.34]
["1.6.1",null,"SINALIZAÇÃO",null,null,null,17984]
["1.6.1.1","07.15","Travessia de veículos contínua, em chapa metálica em aço - Fornecimento e movimentação","m²/dia",1700,4.46,7582,4.45,7565,-2.2421524663677195E-3,4.45,7565]
["1.6.1.2","07.10","Conjunto de tripê, suporte e bandeirola - Fornecimento e movimentação","un/dia",3200,0.96,3072,0.96,3072,0,0.96,3072]
["1.6.1.3","07.11","Cones de sinalização - Fornecimento e movimentação","un/dia",6500,0.6,3900,0.59,3835,-1.6666666666666718E-2,0.59,3835]
["1.6.1.4","07.13","Sinalização noturna - Fornecimento e instalação","un/dia",3500,0.98,3430,0.98,3430,0,0.98,3430]
["1.6.2",null,"ESCORAMENTO",null,null,null,710672.02]
["1.6.2.1","02.04.02","Escoramento descontínuo ","m²",19777,10.89,215371.53,14.04,277669.08,0.28925619834710736,10.89,215371.53]
["1.6.2.2","02.04.03","Estrutura de escoramento contínua","m²",9808.6,22.4,219712.64000000001,26.4,258947.04,0.1785714285714286,22.4,219712.64000000001]
["1.6.2.3","02.04.01","Estrutura de escoramento, tipo pontaleteamento","m²",29665,9.2899999999999991,275587.84999999998,11.88,352420.2,0.27879440258342325,9.2899999999999991,275587.84999999998]
["1.6.3",null,"ESGOTAMENTO",null,null,null,2745]
["1.6.3.1","04.01","Esgotamento de água com bombas, vazões até 15/m³, altura até 10m","hpxh",1500,1.83,2745,1.81,2715,-1.0928961748633892E-2,1.81,2715]
["2",null,"LIGAÇÃO PREDIAL",null,null,null,1610478.28,null,{"$f":"SUM(I65:I102)","v":1580973.2799999993},null,null,{"$f":"SUM(L65:L84)","v":1012619.96}]
["2.2",null,"SERVIÇOS"]
["2.2.1",null,"LIGAÇÕES PREDIAIS DE ESGOTO",null,null,null,1610478.28]
["2.2.1.1","07.01","Locação de rede e elaboração de nota serviço, inclusive levantamento de normais - para obras","m",32315,2.17,70123.55,0.43,13895.45,{"$f":"(H66/F66)-1","v":-0.8018433179723502},{"$f":"IF(J66>0,F66,H66)","v":0.43},{"$f":"ROUND(E66*K66,2)","v":13895.45}]
["2.2.1.2","07.04","Cadastro de rede de distribuíção","m",32.32,199.93,6461.74,199.88,6460.12,-2.5008753063582301E-4,199.88,6460.12]
["2.2.1.3","01.03.11","Remoção de pavimento em paralelepípedo, poliédrico e pré-moldado","m²",458,5.74,2628.92,5.73,2624.34,-1.7421602787456303E-3,5.73,2624.34]
["2.2.1.5","02.01.03","Escavação manual de valas em solo seco profundidade até 1,50 m","m³",8143.38,18.7,152281.21,29.84,242998.46,0.59572192513368982,18.7,152281.21]
["2.2.1.6","02.02.02","Escavação e carga mecânica de valas, rocha branda, à frio","m³",904.82,104.85,94870.38,64.39,58261.36,-0.38588459704339528,64.39,58261.36]
["2.2.1.7","09.01.01","Lastro de areia","m³",2585.1999999999998,66.63,172251.88,17.170000000000002,44387.88,-0.74230826954825146,17.170000000000002,44387.88]
["2.2.1.8","05.09","Acerto e verificação do nivelamento de fundo de valas","m³",1292.5999999999999,3.13,4045.84,3.13,4045.84,0,3.13,4045.84]
["2.2.1.9","05.01","Aterro de valas e cavas de fundação, c/ avaliação visual da compactação","m³",821.34,8.57,7038.88,14.05,11539.83,0.6394399066511085,8.57,7038.88]
["2.2.1.10","05.12","Aterro de valas e cavas de fundação, c/ avaliação visual da compactação com material importado","m³",2057.1999999999998,36.83,75766.679999999993,17.170000000000002,35322.120000000003,-0.53380396415965237,17.170000000000002,35322.120000000003]
[null,"01.01.10","Demolição de passeio cimentado","m²",11633.4,6.91,80386.789999999994,2.59,30130.51,-0.62518089725036186,2.59,30130.51]
[null,"01.01.14","Demolição de piso cerâmico","m²",7755.6,5.1100000000000003,39631.120000000003,3.9,30246.84,-0.23679060665362039,3.9,30246.84]
["2.2.1.11","14.02.36","Recomposição de calçada e parede em ligações condominiais","m²",3505,6.72,23553.599999999999,3.91,13704.55,-0.41815476190476186,3.91,13704.55]
["2.2.1.12","14.01.04","Piso de ladrilho cerâmico liso tipo A assentada com argamassa pré-fabricada","m²",7755.6,38.630000000000003,299598.83,19.59,151932.20000000001,-0.49288118042971785,19.59,151932.20000000001]
["2.2.1.13","14.01.05","Contra-piso de cimento e areia e=5cm","m²",7755.6,11.89,92214.080000000002,7.2,55840.32,-0.3944491169049622,7.2,55840.32]
["2.2.1.14","14.01.07","Piso cimentado rústico","m²",11633.4,13.87,161355.26,7.83,{"$f":"ROUND(E80*H80,2)","v":91089.52},-0.43547224224945924,7.83,91089.52]
["2.2.1.16","14.02.28","Recomposição de pavimento em paralelepípedo, com reaproveitamento do material demolido, exclusive base com pequena perda inclusa","m²",458,11.35,5198.3,7.15,{"$f":"ROUND(E81*H81,2)","v":3274.7},-0.37004405286343611,7.15,3274.7]
["2.2.1.17","17.02.01.08","Caixa de passagem em anel concreto armado pré-mold. DN = 0,40 Prof. H = 0,40 mc/tampa em concreto armado","un",3231,76.17,246105.27,85.02,{"$f":"ROUND(E82*H82,2)","v":274699.62},0.11618747538400931,76.17,246105.27]
["2.2.1.18","17.02.01.10","Caixa de passagem em anel concreto armado pré-mold. DN = 0,40 Prof. H = 0,60 mc/tampa em concreto armado","un",274,86.3,23646.2,111.33,{"$f":"ROUND(E83*H83,2)","v":30504.42},0.29003476245654691,86.3,23646.2]
["2.2.1.19","16.06.03.01.03","Assentamento de tubos e conexões de PVC JE DN 100","m",32315,1.65,53319.75,1.31,{"$f":"ROUND(E84*H84,2)","v":42332.65},-0.20606060606060594,1.31,42332.65]
["3",null,"ESTAÇÃO ELEVATÓRIAS",null,null,null,234655.37,null,{"$f":"SUM(I87:I123)","v":228713.11999999997},null,null,{"$f":"SUM(L87:L123)","v":219919.60999999996}]
["3.2",null,"SERVIÇOS"]
["3.2.1",null,"POÇO DE SUCÇÃO",null,null,null,211472.35]
["3.2.1.1","21.02.02","Limpeza do terreno - Raspagem e limpeza manual","m²",300,1.87,561,1.5,{"$f":"ROUND(E88*H88,2)","v":450},{"$f":"(H88/F88)-1","v":-0.19786096256684493},{"$f":"IF(J88>0,F88,H88)","v":1.5},{"$f":"ROUND(E88*K88,2)","v":450}]
["3.2.1.2","07.02","Locação de estruturas - para obras","m²",300,2.2599999999999998,678,2.2599999999999998,678,0,2.2599999999999998,678]
["3.2.1.3","02.01.01","Escavação manual em solo primeira e segunda  profundidade até 1,50 m","m³",400,12.47,4988,29.84,11936,1.3929430633520448,12.47,4988]
["3.2.1.4","05.01","Aterro de valas e cavas de fundação, c/ avaliação visual da compactação","m³",100,8.57,857,14.05,1405,0.6394399066511085,8.57,857]
["3.2.1.5","09.01.03","Lastro de concreto simples, consumo mínimo de cimento 150 kg/m³","m³",5,260.70999999999998,1303.55,252.73,1263.6500000000001,-3.0608722335161653E-2,252.73,1263.6500000000001]
["3.2.1.6","09.02.06","Concreto estrutural (Fck= 40 MPa) - preparo em betoneira","m³",100,372.71,37271,372.65,37265,-1.609830699471626E-4,372.65,37265]
["3.2.1.7","09.04.15","Forma curva em chapa de madeira compensada resinada, esp. 10 mm, para estruturas","m²",1200,81,97200,78.62,94344,-2.9382716049382696E-2,78.62,94344]
["3.2.1.8","09.03.01","Lançamento ou bombeamento e adensamento de concreto - altura ou profundidade até 1,50 m","m³",100,93.09,9309,93.05,9305,-4.2969169620798997E-4,93.05,9305]
["3.2.1.9","10.02.01","Armadura de aço CA 50 e CA 60, colocação","kg",4000,1.69,6760,0.7,2800,-0.58579881656804733,0.7,2800]
["3.2.1.10","10.02.02","Armadura de aço CA 50, fornecimento e colocação","kg",6000,6.71,40260,6.25,37500,-6.8554396423248898E-2,6.25,37500]
["3.2.1.11","16.04.01.24","Anel ou aduela de concreto armado D =1,50 m e H = 0,50 m","und",10,151.16999999999999,1511.7,130.69999999999999,1307,-0.13541046503935972,130.69999999999999,1307]
["3.2.1.12","15.01.01","Chapiscado comum, com argamassa de cimento e areia","m²",190,3.27,621.29999999999995,2.98,566.20000000000005,-8.8685015290519864E-2,2.98,566.20000000000005]
["3.2.1.13","15.01.06","Revestimento impermeável com sika I ou similar","m²",190,29.22,5551.8,29.21,5549.9,-3.4223134839139746E-4,29.21,5549.9]
["3.2.1.14",null,"Montagem de tubos, conexões e conjuntos elevatórios","cj",4,1150,4600,1149.92,4599.68,-6.9565217391209799E-5,1149.92,4599.68]
["3.2.2",null,"CASA DO QUADRO DE COMANDO E DEPÓSITO",null,null,null,23183.02,null,null,null,0,0]
["3.2.2.1","21.02.02","Limpeza do terreno - Raspagem e limpeza manual","m²",142,1.87,265.54000000000002,1.5,213,{"$f":"(H103/F103)-1","v":-0.19786096256684493},1.5,213]
["3.2.2.2","07.02","Locação de estruturas - para obras","m²",20,2.2599999999999998,45.2,2.2599999999999998,45.2,0,2.2599999999999998,45.2]
["3.2.2.3","02.01.01","Escavação manual em solo primeira e segunda  profundidade até 1,50 m","m³",6,12.47,74.819999999999993,29.84,179.04,1.3929430633520448,12.47,74.819999999999993]
["3.2.2.4","05.01","Aterro de valas e cavas de fundação, c/ avaliação visual da compactação","m³",1.33,8.57,11.4,14.05,18.690000000000001,0.6394399066511085,8.57,11.4]
["3.2.2.5","06.02","Enrocamento com pedra argamassada","m³",5.31,266.43,1414.74,65,345.15,-0.75603347971324553,65,345.15]
["3.2.2.6","11.02.01","Alvenaria em tijolo cerâmico furado, 8 furos, dimensões 30x20x10cm,  esp. 10cm","m²",49.8,29.23,1455.65,22.5,1120.5,-0.23024290112897705,22.5,1120.5]
["3.2.2.7","15.01.01","Chapiscado comum, com argamassa de cimento e areia","m²",116.8,3.27,381.94,2.98,348.06,-8.8685015290519864E-2,2.98,348.06]
["3.2.2.8","15.01.04","Reboco Paulista","m²",116.8,16.2,1892.16,13.7,1600.16,-0.15432098765432101,13.7,1600.16]
["3.2.2.9","10.03.03","Laje pré-moldada para forro (carga 100,0 kg/m²), armada na menor dimensão acima de 3,0 m até 4,0 m","m²",17.2,58.48,1005.86,53.01,911.77,-9.3536251709986251E-2,53.01,911.77]
["3.2.2.10","14.01.06","Contra-piso de concreto fcK=15 Mpa e= 10cm","m²",17.2,31.12,535.26,31.12,535.26,0,31.12,535.26]
["3.2.2.11","14.01.07","Piso cimentado rústico","m²",17.2,13.87,238.56,7.83,134.68,-0.43547224224945924,7.83,134.68]
["3.2.2.12","23775.2","Cobogo concreto PR5-2Q-T 50 X 50 X 6 cm","m²",2,63.93,127.86,63.87,127.74,-9.3852651337400506E-4,63.87,127.74]
["3.2.2.13","18.01.05","Porta em madeira de lei, tipo prancheta, 0,70x2,10 m - fornecimento e assentamento completa","und",1,281.27999999999997,281.27999999999997,244.58,244.58,-0.13047497155858923,244.58,244.58]
["3.2.2.14","17.05.01","Quadro de comando - Instalação em mureta PADRÃO CELPE","und",1,268.20999999999998,268.20999999999998,240.54,240.54,-0.10316543007344992,240.54,240.54]
["3.2.2.15","20.09","Pintura em alvenaria - latex sem massa","m²",116.8,9.39,1096.75,7.2,840.96,-0.23322683706070291,7.2,840.96]
["3.2.2.16","14.02.38","Calçada em lajota de concreto 50 x 50 x 5 cm assentada com argamassa cimento e areia, inclusive contenção e aterro","m²",16.600000000000001,43.78,726.75,25.05,415.83,-0.4278209227957972,25.05,415.83]
["3.2.2.17","25.03","Cerca em mourões de concreto, com fechamento em arame farpado","m",100,27.99,2799,39.85,3985,0.42372275812790305,27.99,2799]
["3.2.2.18","25.07","Portão para veículo ","un",1,2209.7199999999998,2209.7199999999998,2208.41,2208.41,-5.9283529134912527E-4,2208.41,2208.41]
["3.2.2.19","25.08","Portão para pedestre","un",1,766.71,766.71,578.27,578.27,-0.24577741258102814,578.27,578.27]
["3.2.2.20","14.02.08","Pavimentação em paralelepípedo, inclusive coxim de areia rejunt. c/arg. 1:2 cim/areia","m²",131,44.04,5769.24,31.02,4063.62,-0.29564032697547682,31.02,4063.62]
["3.2.2.21","14.02.25","Meio-fio reto de concreto (80 X 45 X 18 X 12) cm  (Fornecimento e assentamento).","m",67,27.11,1816.37,23.69,1587.23,-0.12615271117668747,23.69,1587.23]
["7",null,"ESTAÇÃO DE TRATAMENTO DE ESGOTOS ",null,null,null,4519048.34,null,{"$f":"SUM(I126:I171)","v":1564219.0699999996},null,null,{"$f":"SUM(L126:L171)","v":1392261.1799999997}]
["7.1",null,"SERVIÇOS PRELIMINARES - MOVIMENTO DE TERRA",null,null,null,4234541.99,{"$nulls":4},0]
["7.1.1","07.03","Locação de áreas para obras","m²",30000,0.31,9300,0.47,14100,{"$f":"(H126/F126)-1","v":0.5161290322580645},{"$f":"IF(J126>0,F126,H126)","v":0.31},9300]
["7.1.2","21.02.01","Desmatamento e limpeza mecanizada com destocamento até 50 cm","m²",30000,0.87,26100,1.43,42900,0.64367816091954011,0.87,26100]
["7.1.3","23.05","Carga mecânica (material e geral), sem manuseio e arrumação do material","m³",6000,1.75,10500,1.74,10440,-5.7142857142856718E-3,1.74,10440]
["7.1.4","23.06","Descarga de material em geral, a granel, de caminhão basculante","m³",6000,0.22,1320,0.22,1320,0,0.22,1320]
["7.1.5","24.02.03","Transporte local, perímetro urbano (material em geral), a granel","m³.Km",459360,1.38,633916.80000000005,0.23,105652.8,-0.83333333333333326,0.23,105652.8]
["7.1.6","02.02.12","Escavação mecânica  em material de primeira categoria","m³",30624,2.5299999999999998,77478.720000000001,1.91,58491.839999999997,-0.24505928853754944,1.91,58491.839999999997]
["7.1.7","24.02.03","Transporte local, perímetro urbano (material em geral), a granel","m³.Km",245290.2,1.38,338500.48,0.23,56416.75,-0.83333333333333326,0.23,56416.75]
["7.1.8","05.04","Espalhamento de solo em bota-fora","m³",38303.129999999997,1.24,47495.88,1.01,38686.160000000003,-0.18548387096774188,1.01,38686.160000000003]
["7.1.9","02.02.12","Escavação mecânica  em material de primeira categoria","m³",38303.129999999997,2.5299999999999998,96906.92,1.91,73158.98,-0.24505928853754944,1.91,73158.98]
["7.1.10","24.02.03","Transporte local, perímetro urbano (material em geral), a granel","m³.Km",574546.94999999995,1.38,792874.79,0.23,132145.79999999999,-0.83333333333333326,0.23,132145.79999999999]
["7.1.11","05.10","ESCARIFICAÇÃO, GRADEAMENTO E COMPACTAÇÃO MECÂNICA DO FUNDO DAS LAGOAS (ESP.= 40 CM EM CAMADAS DE 20 CM) COM GRAU DE COMPACTAÇÃO DE 100 % DO PN","m³",21887.7,6.59,144239.94,6.59,144239.94,0,6.59,144239.94]
["7.1.12","02.02.17","ESCAVAÇÃO MECÂNICA EM ROCHA DURA, À FOGO","m³",6394,52.8,337603.2,15.69,100321.86,-0.70284090909090913,15.69,100321.86]
["7.1.13","02.02.18","ESCAVAÇÃO MECÂNICA EM ROCHA DURA, À FRIO","m³",8679.9,80.77,701075.52,13.13,113967.09,-0.83743964343196731,13.13,113967.09]
["7.1.14","06.02","Enrocamento com pedra argamassada","m³",3818,266.43,1017229.74,65,248170,-0.75603347971324553,65,248170]
["7.2",null,"TRATAMENTO PRELIMINAR",null,null,null,110226.43,null,null,null,0,0]
["7.2.1","07.02","Locação de estruturas - para obras","m²",36,2.2599999999999998,81.36,2.2599999999999998,81.36,0,2.2599999999999998,81.36]
["7.2.2","02.01.01","Escavação manual em solo primeira e segunda  profundidade até 1,50 m","m³",9.1,12.47,113.48,29.84,271.54000000000002,1.3929430633520448,12.47,113.48]
["7.2.3","05.01","Aterro de valas e cavas de fundação, c/ avaliação visual da compactação","m³",1.86,8.57,15.94,14.05,26.13,0.6394399066511085,8.57,15.94]
["7.2.4","09.01.03","Lastro de concreto simples, consumo mínimo de cimento 150 kg/m³","m³",0.81,260.70999999999998,211.18,252.73,204.71,-3.0608722335161653E-2,252.73,204.71]
["7.2.5","09.02.06","Concreto estrutural (Fck= 40 MPa) - preparo em betoneira","m³",12.8,372.71,4770.6899999999996,372.65,4769.92,-1.609830699471626E-4,372.65,4769.92]
["7.2.6","09.04.15","Forma curva em chapa de madeira compensada resinada, esp. 10 mm, para estruturas","m²",153.6,81,12441.6,78.62,12076.03,-2.9382716049382696E-2,78.62,12076.03]
["7.2.7","09.03.01","Lançamento ou bombeamento e adensamento de concreto - altura ou profundidade até 1,50 m","m³",12.8,93.09,1191.55,93.05,1191.04,-4.2969169620798997E-4,93.05,1191.04]
["7.2.8","10.02.01","Armadura de aço CA 50 e CA 60, colocação","kg",512,1.69,865.28,0.7,358.4,-0.58579881656804733,0.7,358.4]
["7.2.9","10.02.02","Armadura de aço CA 50, fornecimento e colocação","kg",768,6.71,5153.28,6.25,4800,-6.8554396423248898E-2,6.25,4800]
["7.2.10",null,"Montagem e fornecimento de calha parshall, W=3\"","und",1,1743.77,1743.77,4526.5200000000004,4526.5200000000004,1.5958239905492126,1743.77,1743.77]
["7.2.11",null,"Montagem de grade em ferro chato 1 1/4\" x 1/2\"","und",1,436.54,436.54,331.31,331.31,-0.24105465707609841,331.31,331.31]
["7.2.12",null,"Montagem e fornecimento de placa vertedoura em fibra de vidro","und",1,135.24,135.24,124.49,{"$f":"ROUND(E152*H152,2)","v":124.49},-7.9488317065956937E-2,124.49,{"$f":"ROUND(E152*K152,2)","v":124.49}]
["7.2.13","6171","Tampa em concreto armado 60x60x0,05m p/cx diversas","und",5,15.65,78.25,15.61,78.05,-2.5559105431310902E-3,15.61,78.05]
["7.2.14","14.02.38","Calçada em lajota de concreto 50 x 50 x 5 cm assentada com argamassa cimento e areia, inclusive contenção e aterro","m²",28.8,43.78,1260.8599999999999,25.05,721.44,-0.4278209227957972,25.05,721.44]
["7.2.15","16.06.03.01.01","Assentamento de tubos e conexões de PVC JE DN 50","m",8.5,1.46,12.41,1.24,10.54,-0.15068493150684925,1.24,10.54]
["7.2.16","17.02.02.16","Placa de proteção em concreto armado 1,00 x 2,00 m.","m³",213,286.27,60975.51,894.8,190592.4,2.1257204736786948,286.27,60975.51]
["7.2.17","16.06.03.01.06","Assentamento de tubos e conexões de PVC JE DN 250","m",50,6.21,310.5,2.02,101,-0.67471819645732689,2.02,101]
["7.2.18","09.02.06","Concreto estrutural (Fck= 40 MPa) - preparo em betoneira","m³",8.56,372.71,3190.4,372.65,3189.88,-1.609830699471626E-4,372.65,3189.88]
["7.2.19","09.04.15","Forma curva em chapa de madeira compensada resinada, esp. 10 mm, para estruturas","m²",102.72,81,8320.32,78.62,8075.85,-2.9382716049382696E-2,78.62,8075.85]
["7.2.20","09.03.01","Lançamento ou bombeamento e adensamento de concreto - altura ou profundidade até 1,50 m","m³",8.56,93.09,796.85,93.05,796.51,-4.2969169620798997E-4,93.05,796.51]
["7.2.21","10.02.01","Armadura de aço CA 50 e CA 60, colocação","kg",342.4,1.69,578.66,0.7,239.68,-0.58579881656804733,0.7,239.68]
["7.2.22","10.02.02","Armadura de aço CA 50, fornecimento e colocação","kg",513.6,6.71,3446.26,6.25,3210,-6.8554396423248898E-2,6.25,3210]
["7.2.23","16.04.01.08","Poço de visita altura igual 1,50 m (balão diâmetro igual 1,0 m), em anéis pré-moldado de concreto","und",6,682.75,4096.5,682.75,4096.5,0,682.75,4096.5]
["7.3",null,"URBANIZAÇÃO",null,null,null,174279.92,null,null,null,0,0]
["7.3.1","25.03","Cerca em mourões de concreto, com fechamento em arame farpado","m",1500,27.99,41985,39.85,59775,{"$f":"(H165/F165)-1","v":0.42372275812790305},27.99,41985]
["7.3.2","25.07","Portão para veículo ","un",1,2209.7199999999998,2209.7199999999998,2208.41,2208.41,-5.9283529134912527E-4,2208.41,2208.41]
["7.3.3","25.08","Portão para pedestre","un",1,766.71,766.71,578.27,578.27,-0.24577741258102814,578.27,578.27]
["7.3.4","09.01.02","Lastro de pedra britada apiloada","m³",482,99.67,48040.94,99.63,48021.66,-4.0132437042250668E-4,99.63,48021.66]
["7.3.5","14.02.25","Meio-fio reto de concreto (80 X 45 X 18 X 12) cm  (Fornecimento e assentamento).","m",2200,27.11,59642,23.69,52118,-0.12615271117668747,23.69,52118]
["7.3.6","25.01","Plantio de gramas em placas - urbanização","m²",1785,11.19,19974.150000000001,11.19,19974.150000000001,0,11.19,19974.150000000001]
["7.3.7","25.09","Calha pré-moldada de concreto simples DN = 30 cm (Quadra Desc.)","m",78,21.3,1661.4,21.27,1659.06,-1.4084507042253502E-3,21.27,1659.06]

{"sheet":"MATERIAL","index":1,"n_rows":97,"n_cols":18,"rows_kept":97,"cut":false,"hidden":false,"merged":[[11,7,11,8],[11,10,11,11],[86,2,86,5],[88,2,88,5],[89,2,89,5],[3,8,4,10],[7,0,7,11],[8,0,8,11],[10,9,12,9],[11,0,12,0],[11,1,12,1],[11,2,12,2],[11,3,12,3],[11,4,12,4],[11,5,11,6]]}
[]
[]
[]
[{"$nulls":8},"ANEXO I"]
[]
[]
[]
["SERVIÇO: EXECUÇÃO DAS OBRAS E SERVIÇOS RELATIVOS AO SISTEMA DE ESGOTAMENTO SANITÁRIO DE IPUBÍ, NO ESTADO DE PERNAMBUCO"]
["ANÁLISE FINANCEIRA DA PROPOSTA DA EMPRESA CONSTRUTORA LUCAIA LTDA. DO LOTE 2, EDITAL 98/2008"]
["LOCAL: MUNICÍPIO DE IPUBÍ, NO ESTADO DE PERNAMBUCO"]
[{"$nulls":9},"VARIAÇAO % DOS PREÇOS UNITÁRIOS"]
["ITEM","COD","MATERIAIS","UNID.","QUANT.","PREÇO (R$)",null,"PROPOSTA ORIGINAL",null,null,"APÓS READEQUAÇAO"]
[{"$nulls":5},"UNITÁRIO","TOTAL","UNITÁRIO","TOTAL",null,"UNITÁRIO","TOTAL"]
["1",null,"Acerto e verificação do nivelamento da cava","m³",114.4,3.07,351.21,3.13,{"$f":"ROUND(E14*H14,2)","v":358.07},{"$f":"(H14/F14)-1","v":1.9543973941368087E-2},{"$f":"IF(J14>0,F14,H14)","v":3.07},{"$f":"ROUND(E14*K14,2)","v":351.21}]
["2",null,"Adaptador PVC PBA a bolsa de FoFo JE DN 100 / DE 110 mm","und",1,65.73,65.73,74.75,{"$f":"ROUND(E15*H15,2)","v":74.75},{"$f":"(H15/F15)-1","v":0.1372280541609614},{"$f":"IF(J15>0,F15,H15)","v":65.73},{"$f":"ROUND(E15*K15,2)","v":65.73}]
["3",null,"Anel borracha p/Tubo PVC Rede Esgoto EB 644 DN 100 mm","und",5655,2.12,11988.6,2.12,11988.6,0,2.12,11988.6]
["4",null,"Anel borracha p/Tubo PVC Rede Esgoto EB 644 DN 150 mm","und",2721,5.19,14121.99,5.76,15672.96,0.10982658959537561,5.19,14121.99]
["5",null,"Anel borracha p/Tubo PVC Rede Esgoto EB 644 DN 200 mm","und",163,7.7,1255.0999999999999,7.71,1256.73,1.2987012987013546E-3,7.7,1255.0999999999999]
["6",null,"Anel borracha p/Tubo PVC Rede Esgoto EB 644 DN 250 mm","und",167,12.51,2089.17,12.51,2089.17,0,12.51,2089.17]
["7",null,"Arruela borracha p/flange PN-10 DN 50 mm ","und",3,15.04,45.12,1.1499999999999999,3.45,-0.92353723404255317,1.1499999999999999,3.45]
["8",null,"Arruela borracha p/flanges PN-10 DN 100 mm","und",21,26.68,560.28,2.19,45.99,-0.91791604197901044,2.19,45.99]
["9",null,"Assentamento de tubos e conexões de PVC JE DN 100","m",572,1.68,960.96,1.31,749.32,-0.22023809523809523,1.31,749.32]
["10",null,"Aterro de valas e cavas de fundação, c/ avaliação visual da compactação","m³",233.29,8.7200000000000006,2034.29,14.05,3277.72,0.61123853211009171,8.7200000000000006,2034.29]
["11",null,"Aterro manual compactado c/material importado","m³",171.6,56.93,9769.19,17.170000000000002,2946.37,-0.69840154575794833,17.170000000000002,2946.37]
["12",null,"Automatico de boia inferior 10A/250V","cj",1,33.799999999999997,33.799999999999997,33.799999999999997,33.799999999999997,0,33.799999999999997,33.799999999999997]
["13",null,"Automatico de boia superior 10A/250V","und",1,30.62,30.62,30.62,30.62,0,30.62,30.62]
["14",null,"Cadastro de interceptor e/ou emissário","m",572,0.55000000000000004,314.60000000000002,0.63,360.36,0.14545454545454528,0.55000000000000004,314.60000000000002]
["15",null,"Caixa de alvenaria para esgotamento e proteção de aparelhos de reservatórios, nas dimensões (1,60 X 1,20) m - altura igual 1,00 m, inclusíve grade metálica","und",1,799.32,799.32,799.32,799.32,0,799.32,799.32]
["16",null,"Carga manual de terra em caminhão basculante  ","m³",338.71,3.81,1290.49,3.81,1290.49,0,3.81,1290.49]
["17",null,"Comporta quadrada FoFo sentido único fluxo c/ chumbadores diagonal 300","und",1,3306.03,3306.03,3450,3450,4.3547699204181445E-2,3306.03,3306.03]
["18",null,"Conjunto motor-bomba re-autoescorvante para esgoto com as seguintes características: Q = 241,2 m3/h, H = 5,00 mca e P = 10 cv","und",2,18202.830000000002,36405.660000000003,18202.830000000002,36405.660000000003,0,18202.830000000002,36405.660000000003]
["19",null,"Curva FoFo 90 FF DN 50 PN10","und",1,72.16,72.16,109.25,109.25,0.51399667405764982,72.16,72.16]
["20",null,"Curva FoFo 90 GR c/bolsas JGS DN 100 inclusive anel borracha","und",2,142.78,285.56,142.78,285.56,0,142.78,285.56]
["21",null,"Curva FoFo 90G c/flanges PN-10/16 DN 100 mm","und",2,138.32,276.64,195.5,391,0.41338924233661078,138.32,276.64]
["22",null,"Curva PVC 45G NBR 10569 p/Rede Colet. Esg. PB JE DN 100mm","und",2700,20.37,54999,23.82,64314,0.1693667157584684,20.37,54999]
["23",null,"Curva PVC Leve 45G c/Ponta e Bolsa Lisa DN 150 mm","und",30,59.84,1795.2,43.3,1299,-0.2764037433155081,43.3,1299]
["24",null,"Curva PVC Leve 90G c/Ponta e Bolsa Lisa DN 150 mm","und",30,73.95,2218.5,54.05,1621.5,-0.2691007437457742,54.05,1621.5]
["25",null,"Curva PVC PBA NBR 10531 p/Rede água JE PB 90G DN 100/DE110 mm","und",4,86.27,345.08,86.27,345.08,0,86.27,345.08]
["26",null,"Energização da elevatória abrangendo quadro de medição, chaves de partida com soft-start, subestação aérea de 15kva, todos os cabos e conectores necessários ao perfeito funcionamento das bombas","und",1,43063.77,43063.77,43063.77,43063.77,0,43063.77,43063.77]
["27",null,"Escada tipo marinheiro, degraus em ferro redondo, diâmetro 3/4\"","m",2,56.11,112.22,552,1104,8.8378185706647656,56.11,112.22]
["28",null,"Escavação e carga mecânica de valas, rocha branda, à frio","m³",171.6,103.49,17758.88,64.39,11049.32,-0.37781428157309882,64.39,11049.32]
["29",null,"Escavação manual de valas em solo seco profundidade até 1,50m","m³",286,19.03,5442.58,29.84,8534.24,0.56805044666316329,19.03,5442.58]
["30",null,"Escavação manual em solo profundidade até 1,50 m","m³",114.4,12.69,1451.74,29.84,3413.7,1.3514578408195432,12.69,1451.74]
["31",null,"Extremidade FoFo flange e ponta p/JE/JM PN-10/16 DN 100 mm","und",4,112.96,451.84,172.5,690,0.52708923512747874,112.96,451.84]
["32",null,"Grade de ferro de barra chata 2\"x3/8\" conforme projeto","m²",0.7,528,369.6,528,369.6,0,528,369.6]
["33",null,"Grelha de proteção de 110 x 1120 mm conf. projeto","und",2,345,690,345,690,0,345,690]
["34",null,"Haste prolongamento FoFo c/roscas L=1,0 m D = 1 1/8 ","und",1,1261,1261,1261,1261,0,1261,1261]
["35",null,"Junção PVC 45G NBR 10569 p/Rede Colet. Esg. JE BBB DN 150 mm","und",30,34.64,1039.2,58.65,1759.5,0.69312933025404155,34.64,1039.2]
["36",null,"Junta GIBAULT, FoFo, DN 100 mm","und",2,92.92,185.84,97.75,195.5,5.1980198019802026E-2,92.92,185.84]
["37",null,"Lastro de areia","m³",167.11,74.28,12412.93,17.170000000000002,2869.28,-0.76884760366182014,17.170000000000002,2869.28]
["38",null,"Locação de rede e elaboração de nota serviço, inclusive levantamento de normais - para obras","m",572,2.21,1264.1199999999999,0.43,245.96,-0.80542986425339369,0.43,245.96]
["39",null,"Luva Correr PVC JE NBR 10569 p/Rede Colet. Esg. DN 15 mm","und",30,34.49,1034.7,34.49,1034.7,0,34.49,1034.7]
["40",null,"Parafusos c/porca p/flanges 16x80 mm PN-10/16 DN 50 a 100 PN-25 DN 50 x 80","und",348,3.52,1224.96,3.52,1224.96,0,3.52,1224.96]
["41",null,"Pedestal de suspensão simples FoFo mod. 01 p/comporta quadrada/circular único 200 a 600 ","und",1,2519.06,2519.06,2519.06,2519.06,0,2519.06,2519.06]
["42",null,"Quadro 160 60 cm Padrão LIGHT TR-4","und",1,99.92,99.92,99.92,99.92,0,99.92,99.92]
["43",null,"Quadro de comando e proteção das bombas","und",2,2250,4500,2250,4500,0,2250,4500]
["44",null,"Recomposição de pavimento em paralelepípedo, com reaproveitamento do material demolido, exclusive base com pequena perda inclusa","m²",858,11.54,9901.32,7.15,6134.7,-0.3804159445407278,7.15,6134.7]
["45",null,"Redução concentrica c/flanges FoFo PN-10/16 DN 100 X 50","und",1,149.35,149.35,172.5,172.5,0.1550050217609642,149.35,149.35]
["46",null,"Remoção de pavimento em paralelepípedo, poliédrico e pré-moldado","m²",858,5.36,4598.88,5.73,4916.34,6.9029850746268773E-2,5.36,4598.88]
["47",null,"Selim PVC 90G c/Travas NBR 10569p/Rede Colet. Esg. DN 150x100 mm","und",1350,17.920000000000002,24192,27.12,36612,0.51339285714285698,17.920000000000002,24192]
["48",null,"Selim PVC 90G c/Travas NBR 10569p/Rede Colet. Esg. DN 200x100 mm","und",21,29.62,622.02,41.4,869.4,0.39770425388251174,29.62,622.02]
["49",null,"Tampa em chapa de aço carbono conforme desenho p/poço de bombeamento","und",2,520,1040,520,1040,0,520,1040]
["50",null,"Tampão de FºFº Dúctil, DN 600mm, CL-300","und",2,323.83999999999997,647.67999999999995,323.83999999999997,647.67999999999995,0,323.83999999999997,647.67999999999995]
["51",null,"Tampão FºFº 57 kg Carga Max. 12.500kg Diam. Abert. 600 mm, p/Poço Visita de Rede Pluvial, Esgoto, etc. em via de Tráfego Leve","und",290,323.83999999999997,93913.600000000006,323.83999999999997,93913.600000000006,0,323.83999999999997,93913.600000000006]
["52",null,"Te FoFo sanitário 87 GR DN 100x100 mm incl. Anel borracha LH predial tradicional p/instalação esgoto predial","und",1,85.8,85.8,115,115,0.34032634032634035,85.8,85.8]
["53",null,"Toco c/flanges e aba de vedação,  FoFo PN-10/16 DN 100 mm L=0,70 m","und",2,666.09,1332.18,666.09,1332.18,0,666.09,1332.18]
["54",null,"Toco c/flanges FoFo PN-10/16/25 L=0,25 m DN 50","und",2,289.77,579.54,289.77,579.54,0,289.77,579.54]
["55",null,"Toco c/flanges,  FoFo PN-10/16 l=0,25m DN 100 mm","und",4,431.54,1726.16,431.54,1726.16,0,431.54,1726.16]
["56",null,"Toco FoFo c/flanges DN 50 mm PN 10 L=500mm","und",1,385.14,385.14,385.14,385.14,0,385.14,385.14]
["57",null,"Transporte local de material de jazida DMT = 5,0 km","m³",338.71,7.03,2381.13,7.03,2381.13,0,7.03,2381.13]
["58",null,"Tubo FoFo c/flange e ponta TFP PN-10/16 DN 100 mm","und",2,287.35000000000002,574.70000000000005,1557.1,3114.2,4.4188272141987115,287.35000000000002,574.70000000000005]
["59",null,"Tubo FoFo c/flanges DN 50 PN10 - L=2000","und",1,1155,1155,1155,1155,0,1155,1155]
["60",null,"Tubo FoFo c/flanges TEL PN-10/16 DN 100 mm L = 1,00 m","und",2,341.13,682.26,341.12,682.24,-2.9314337642527555E-5,341.12,682.24]
["61",null,"Tubo FoFo c/ponta e bolsa DN 100 linha HL incl anel borracha p/esgoto predial L = 3,54 m","und",1,646.23,646.23,646.23,646.23,0,646.23,646.23]
["62",null,"Tubo FoFo c/ponta e bolsa DN 100 linha HL incl anel borracha p/esgoto predial Lm =3,65 m","und",1,666.31,666.31,666.31,666.31,0,666.31,666.31]
["63",null,"Tubo FoFo c/pontas DN 100 mm  linha HL p/esgoto predial","m",1,199.96,199.96,199.96,199.96,0,199.96,199.96]
["64",null,"Tubo FoFo c/pontas DN 100 mm  linha HL p/esgoto predial l = 1,40 m","und",1,234.24,234.24,234.24,234.24,0,234.24,234.24]
["65",null,"Tubo FoFo c/pontas DN 100 mm linha HL p/esgoto predial","m",1,199.96,199.96,199.96,199.96,0,199.96,199.96]
["66",null,"Tubo PVC DEFOFO EB-1208 p/Rede água JE 1 MPa DN 250 mm","m",1002,135.94999999999999,136221.9,145.88,{"$f":"ROUND(E79*H79,2)","v":146171.76},{"$f":"(H79/F79)-1","v":7.3041559396837208E-2},{"$f":"IF(J79>0,F79,H79)","v":135.94999999999999},{"$f":"ROUND(E79*K79,2)","v":136221.9}]
["67",null,"Tubo PVC EB 644 p/Rede Colet. Esg. JE DN 100 mm","m",33930,12.38,420053.4,5.75,195097.5,-0.53554119547657519,5.75,195097.5]
["68",null,"Tubo PVC EB 644 p/Rede Colet. Esg. JE DN 150 mm","m",16326,23.55,384477.3,31.6,515901.6,0.3418259023354564,23.55,384477.3]
["69",null,"Tubo PVC EB 644 p/Rede Colet. Esg. JE DN 200 mm","m",984,36.409999999999997,35827.440000000002,53.66,52801.440000000002,0.47377094204888781,36.409999999999997,35827.440000000002]
["70",null,"Tubo PVC PBA 12 JE NBR 5647 p/Rede água DN 100/DE 110 mm","m",600,23.74,14244,23.74,14244,0,23.74,14244]
["71",null,"Válvula gaveta c/ bolças c/cunha borracha PN-10 c/cabeçote haste inox DN 100","und",1,769.23,769.23,769.24,769.24,1.3000013000086241E-5,769.23,769.23]
["72",null,"Válvula gaveta c/flanges c/cunha borracha corpo curto PN-10 c/cabeçote haste inox DN 100","und",2,743.94,1487.88,793.5,1587,6.6618275667392535E-2,743.94,1487.88]
["73",null,"Valvula retenção FoFo BY PASS PN-10/16 portinhola única DN 100 mm","und",2,782.59,1565.18,1035,2070,0.32253159381029661,782.59,1565.18]
[null,null,"TOTAL GERAL MATERIAIS",null,null,null,1380856.45,null,{"$f":"SUM(I14:I86)","v":1320189.3299999998},null,null,{"$f":"SUM(L14:L86)","v":1126178.9199999997}]
[]
[null,null,"TOTAL GERAL SERVIÇOS",null,null,null,11198139.17,null,{"$f":"'[1]Serviços '!I10","v":7491751.3099999996},null,null,{"$f":"'[1]Serviços '!L10","v":5704684.0999999996},null,"OTL","CASSI","SCAVE","DORNELAS","MÉDIA"]
[null,null,"TOTAL GERAL DA OBRA",null,null,null,12578995.619999999,null,{"$f":"I87+I89","v":8811940.6399999987},null,null,{"$f":"L87+L89","v":6830863.0199999996},null,9607000,10196753.49,10561059.02,11935594.58,{"$f":"AVERAGE(L90:Q90)","v":9826254.0219999999}]
[{"$nulls":17},{"$f":"R90*0.7","v":6878377.8153999997}]
[{"$nulls":11},{"$f":"L90/G90","v":0.54303723654528147}]
[{"$nulls":6},{"$f":"G90*0.7","v":8805296.9339999985}]
[]
[{"$nulls":13},"OTL","CASSI","SCAVE","DORNELAS","MÉDIA"]
[{"$nulls":12},{"$f":"I90","v":8811940.6399999987},9607000,10196753.49,10561059.02,11935594.58,{"$f":"AVERAGE(L96:Q96)","v":10222469.546}]
[{"$nulls":17},{"$f":"R96*0.7","v":7155728.6821999997}]

{"sheet":"Plan3","index":2,"n_rows":0,"n_cols":0,"rows_kept":0,"cut":false,"hidden":false,"merged":[]}